La política de las políticas públicas (Registro nro. 166249)

Detalles MARC
000 -ENCABEZADO
Número de control [NR] 01490nam a22003377a 4500
005 - FECHA Y HORA DE LA ÚLTIMA TRANSACCIÓN
control field 20150217081943.0
008 - DE LONGITUD FIJA DE DATOS DE ELEMENTOS - INFORMACIÓN GENERAL
Elementos de longitud fija [NR] 130821s2006 xxua gr spa
020 ## - NUMERO INTERNACIONAL NORMALIZADO PARA LIBROS [R]
Número Internacional Normalizado del libro [NR] 1597820091
020 ## - NUMERO INTERNACIONAL NORMALIZADO PARA LIBROS [R]
Número Internacional Normalizado del libro [NR] 9781597820097
040 ## - FUENTE DE CATALOGACION [NR]
Agencia de catalogación original [NR] CO-BoUCM
Idioma de catalogación [NR] spa
Quien Cataloga Jose A. Gerena (modificó)
Quien Clasifica Diana Londoño
041 00 - CODIGO DE IDIOMA [R]
Código de idioma para texto/pista de sonido o título separado [R] Español
245 03 - MENCION DE TITULO [NR]
Título [NR] La política de las políticas públicas
Mención de responsabilidad, etc. [NR] Ernesto Stein, coordinador
Parte restante del título [NR] progreso económico y social en América Latina informe 2006
260 ## - PUBLICACION, DISTRIBUCION, ETC. (PIE DE IMPRENTA) [R]
Lugar de publicación, distribución, etc. [R] Washington, D.C. Cambridge, MA México
Nombre del editor, distribuidor, etc. [R] Banco Interamericano de Desarrollo David Rockefeller Center for Latin American Studies Planeta Mexicana
Fecha de publicación, distribución, etc. [R] 2006
300 ## - DESCRIPCION FISICA [R]
Extensión [R] x, 314 páginas
Otros detalles físicos [NR] gráficas
500 ## - NOTA GENERAL [R]
Nota general [NR] Incluye lista de siglas
504 ## - NOTA DE BIBLIOGRAFIA, ETC. [R]
Nota de bibliografía, etc. [NR] Incluye referencias bibliográficas
650 #7 - ASIENTO SECUNDARIO DE MATERIA - TERMINO TEMATICO [R]
Término temático o nombre geográfico como elemento de entrada [NR] Administración pública
Subdivisión geográfica [R] América Latina
9 (RLIN) 36049
650 #7 - ASIENTO SECUNDARIO DE MATERIA - TERMINO TEMATICO [R]
Término temático o nombre geográfico como elemento de entrada [NR] Política pública
Subdivisión geográfica [R] América Latina
9 (RLIN) 36301
651 #4 - ASIENTO SECUNDARIO DE MATERIA - NOMBRE GEOGRAFICO [R]
Nombre geográfico [NR] América Latina
Subdivisión general [R] Política y gobierno
9 (RLIN) 36050
690 ## - ASUNTO AGREGADO LOCAL DE ENTRADA - TÉRMINO TEMÁTICO (OCLC, RLIN)
Acceso temático local Ciencia política
700 1# - ASIENTO SECUNDARIO - NOMBRE PERSONAL [R]
Nombre personal [NR] Echebarría, Koldo
Término de relación [R] coordinador
9 (RLIN) 36053
700 1# - ASIENTO SECUNDARIO - NOMBRE PERSONAL [R]
Nombre personal [NR] Lora, Eduardo
Término de relación [R] coordinador
9 (RLIN) 36054
700 1# - ASIENTO SECUNDARIO - NOMBRE PERSONAL [R]
Nombre personal [NR] Payne, Mark
Término de relación [R] coordinador
9 (RLIN) 36055
700 1# - ASIENTO SECUNDARIO - NOMBRE PERSONAL [R]
Nombre personal [NR] Stein, Ernesto
Término de relación [R] coordinador
9 (RLIN) 36051
700 1# - ASIENTO SECUNDARIO - NOMBRE PERSONAL [R]
Nombre personal [NR] Tommasi, Mariano
Término de relación [R] coordinador
9 (RLIN) 36052
710 2# - ASIENTO SECUNDARIO - NOMBRE CORPORATIVO [R]
Nombre corporativo o de jurisdicción como elemento de entrada [NR] Banco Interamericano de Desarrollo
9 (RLIN) 36056
710 2# - ASIENTO SECUNDARIO - NOMBRE CORPORATIVO [R]
Nombre corporativo o de jurisdicción como elemento de entrada [NR] David Rockefeller Center for Latin American Studies
9 (RLIN) 36058
710 2# - ASIENTO SECUNDARIO - NOMBRE CORPORATIVO [R]
Nombre corporativo o de jurisdicción como elemento de entrada [NR] Harvard University
9 (RLIN) 36057
942 ## - ELEMENTOS DE ENTRADA AGREGADOS (KOHA)
Tipo de ítem principal el descrito en 300a Libro
Tema principal Administración
Edición 1
Parte restante de la signatura top. P779p
Sistema de clasificación DEWEY
Clasificación 320.98
Existencias
Fecha de último préstamo Total préstamos Signatura topográfica Código de barras Última vez visto Ejemplar Price effective from Tipo de ítem Perdido Sistema de clasificación Dañado No prestable Tipo de ítem específico Suprimido Ubicación habitual Ubicación actual Localización Fecha de creación Forma de adquisición Costo
07/12/2017 1 320.98 P779p 100132097 05/06/2024 Ej.1 18/04/2013 Libro   DEWEY     Libro   Bodega Bodega 3er piso 18/04/2013 Compra 54500.00